Normal view
MARC view
- Zafar, Asma
Entry Personal Name
001 - CONTROL NUMBER
- control field: 119976
003 - CONTROL NUMBER IDENTIFIER
- control field: NUST
005 - DATE AND TIME OF LATEST TRANSACTION
- control field: 20240119155201.0
008 - FIXED-LENGTH DATA ELEMENTS
- fixed length control field: 240119|| aca||aabn | a|a d
040 ## - CATALOGING SOURCE
- Original cataloging agency: NUST
- Transcribing agency: NUST
100 ## - HEADING--PERSONAL NAME
- Personal name: Zafar, Asma
670 ## - SOURCE DATA FOUND
- Source citation: Work cat.: (NUST): Zafar, Asma, Exploration of Knowledge Beliefs and Attitudes of Pre-Service Teachers on Careers Education/
